| 000 | 00544nam a22001577a 4500 | ||
|---|---|---|---|
| 003 | OSt | ||
| 005 | 20151117135649.0 | ||
| 008 | 151117b xxu||||| |||| 00| 0 eng d | ||
| 040 | _cRUA | ||
| 082 | _aFIS ជិន 1992 B146 Or.1 | ||
| 100 |
_93778 _aជិន ដា |
||
| 245 | _aFamily fish farming in the saang district of the kandal province, ការធ្វើនេសាទក្នុងស្អាង ខេត្តកណ្ដាល. | ||
| 260 |
_aPhnom Penh _bRUA _c1992 |
||
| 300 |
_a163p. _bill. _c29cm. |
||
| 942 |
_2ddc _cFIS |
||
| 999 |
_c3516 _d3516 |
||